Fire insurance: its origin, principles and practice. (Record no. 99896)

MARC details
000 -LEADER
fixed length control field 00440cam a22001575a 4500
001 - CONTROL NUMBER
control field J100879
008 - FIXED-LENGTH DATA ELEMENTS--GENERAL INFORMATION
fixed length control field 000000s1924 xxk 000 0 eng u
035 ## - SYSTEM CONTROL NUMBER
System control number (Sirsi) u100879
110 ## - MAIN ENTRY--CORPORATE NAME
Corporate name or jurisdiction name as entry element Auctioneers' and Estate Agents' Institute of the United Kingdom
9 (RLIN) 3789
245 ## - TITLE STATEMENT
Title Fire insurance: its origin, principles and practice.
260 ## - PUBLICATION, DISTRIBUTION, ETC.
Date of publication, distribution, etc. 1924
300 ## - PHYSICAL DESCRIPTION
Extent 16p.
651 #4 - SUBJECT ADDED ENTRY--GEOGRAPHIC NAME
Geographic name United Kingdom
Chronological subdivision
690 ## - LOCAL SUBJECT ADDED ENTRY--TOPICAL TERM (OCLC, RLIN)
Topical term or geographic name as entry element Insurance
9 (RLIN) 6249
942 ## - ADDED ENTRY ELEMENTS (KOHA)
Suppress in OPAC 0
Holdings
Withdrawn status Lost status Source of classification or shelving scheme Damaged status Not for loan Home library Current library Shelving location Date acquired Total Checkouts Full call number Barcode Date last seen Copy number Price effective from Koha item type
    Dewey Decimal Classification     Historic collection Historic collection RICS Boxes 26/10/1999   RICS 1924 30059747 06/08/2019 1 06/08/2019 Archive